Kariérové pozície sa rozdávajú teraz

Činnosť najväčšej firmy pre personálne poradenstvo GRK a H. Neumann International vo svete a na Slovensku, kde pôsobí od r. 1992. Názory riaditeľa bratislavskej pobočky na kariérové príležitosti pre manažérov na Slovensku.

Salvato in:
Dettagli Bibliografici
Autore principale: Necpal, J.
Altri autori: Brunovský, O.
Natura: Capitolo di libro
Lingua:slovacco
Soggetti:
Tags: Aggiungi Tag
Nessun Tag, puoi essere il primo ad aggiungerne!!

MARC

LEADER 00000naa a2200000 4500
001 r000528
005 20221213123411.6
041 0 |a slo 
044 |a SK 
245 1 0 |a Kariérové pozície sa rozdávajú teraz  |c J. Necpal, O. Brunovský 
520 |a Činnosť najväčšej firmy pre personálne poradenstvo GRK a H. Neumann International vo svete a na Slovensku, kde pôsobí od r. 1992. Názory riaditeľa bratislavskej pobočky na kariérové príležitosti pre manažérov na Slovensku. 
610 2 0 |a manažéri 
610 2 0 |a kariéra 
610 2 0 |a miesta voľné 
610 2 0 |a Slovensko 
610 2 0 |a poradenstvo 
610 2 0 |a pracovníci riadiaci 
610 2 0 |a personalistika 
610 2 0 |a výber pracovníkov 
610 2 0 |a H. Neumann International 
610 2 0 |a GRK 
100 1 |a Necpal, J. 
700 1 |a Brunovský, O.